Постановления XVI-го Орловского уездного съезда советов рабочих, крестьянских и красноармейских депутатов. 15-18 марта 1927 года (Запись № 5513221)

Подробности
000 -МАРКЕР
контрольное поле 01234nam0a22002531 4500
001 - ИДЕНТИФИКАТОР ЗАПИСИ
контрольное поле rc\2563056
005 - ИДЕНТИФИКАТОР ВЕРСИИ
контрольное поле 20260408074744.0
035 ## - ДРУГИЕ СИСТЕМНЫЕ НОМЕРА
Идентификатор записи (NLR Aleph) 006727943
100 ## - ДАННЫЕ ОБЩЕЙ ОБРАБОТКИ
Данные общей обработки 20110914d1927 u y0rusy50 ca
101 0# - ЯЗЫК РЕСУРСА
Язык текста, звукозаписи и т.д. русский
102 ## - СТРАНА ПУБЛИКАЦИИ ИЛИ ПРОИЗВОДСТВА
Страна публикации Российская Федерация
105 ## - ПОЛЕ КОДИРОВАННЫХ ДАННЫХ: ТЕКСТОВЫЕ МАТЕРИАЛЫ, МОНОГРАФИЧЕСКИЕ
Кодированные данные о монографическом текстовом документе y z |||||
200 1# - ЗАГЛАВИЕ И СВЕДЕНИЯ ОБ ОТВЕТСТВЕННОСТИ
Основное заглавие Постановления XVI-го Орловского уездного съезда советов рабочих, крестьянских и красноармейских депутатов. 15-18 марта 1927 года
210 ## - ПУБЛИКАЦИЯ, РАСПРОСТРАНЕНИЕ И ДР.
Место издания, распространения и т.д. Орел
Имя издателя, распространителя и т. д. Орл. уисполком
Дата издания, распространения и т.д. 1927
Имя изготовителя тип. Орловск. изолятора
215 ## - ФИЗИЧЕСКАЯ ХАРАКТЕРИСТИКА
Специфическое обозначение материала и объем 17, [2] с., [1] с. "Оглавление" на обл.
Размеры 26х17 см.
300 ## - ОБЩИЕ ПРИМЕЧАНИЯ
Текст примечания Перед тит. листом циркуляр Орловск. уезд. исполн. ком-та от 4 апреля 1927 г. № 3334: "Всем отделам УИКа, всем ВИКам, Мценскому горсовету..."
710 12 - НАИМЕНОВАНИЕ ОРГАНИЗАЦИИ - ПЕРВИЧНАЯ ОТВЕТСТВЕННОСТЬ
Начальный элемент ввода Орловский уездный съезд Советов
Порядковый номер временной организации и / или порядковый номер ее части 16
Дата проведения временной организации 1927
Идентификатор авторитетной/нормативной записи RU\NLR\AUTH\8810218149
Системный номер авторитетной/нормативной записи 321966
801 #0 - ИСТОЧНИК ЗАПИСИ
Страна Российская Федерация
Организация NLR
Правила каталогизации psbo
801 #1 - ИСТОЧНИК ЗАПИСИ
Страна Российская Федерация
Организация ELAR
Источник данных rusmarc
852 ## - МЕСТОНАХОЖДЕНИЕ И ШИФР ХРАНЕНИЯ
Идентификатор организации NLR
Шифр хранения (Call Number) 80/59
942 ## - ДОПОЛНИТЕЛЬНЫЕ ЭЛЕМЕНТЫ ЗАПИСИ (АБИС)
Тип экземпляра АБИС Книга
980 ## - КОЛЛЕКЦИЯ
Название коллекции Национальная библиография
Экземпляры
Тип экземпляра Дата поступления Библиотека постоянного хранения Библиотека текущего хранения Место хранения Шифр хранения Штрих-код Статус экземпляра
Книга 26.10.2013 РНБ (Садовая) РНБ (Садовая) Русский книжный фонд -Главное здание, Ленинский читальный зал 80/59 6727943-10